| Registos Bibliográficos associados ao registo de autoridade |
|
Etiqueta de registo: 00230nam 2200025 450 001 1802880 003 http://id.bnportugal.gov.pt/bib/catbnp/1802880 010 ## $a978-972-8633-48-6 021 ## $aPT$b325063/11 100 ## $a20120208d2011 m y0pory0103 ba 101 0# $apor 102 ## $aPT 105 ## $aa b 000yy 106 ## $ar 200 1# $aVarett$eálbum de pinturas$fFundação Manuel Sousa d'Oliveira$gfot. Tiago Melo Bento 210 #9 $aPonta Delgada$cPubliçor,$dcop. 2011 215 ## $a121, [2] p. a 2 colns$cmuito il.$d32 cm 675 ## $a75Bento, Manuel de Melo$vBN$zpor$31502740 675 ## $a75.048(=1:469)"19/20"$vBN$zpor$31502741 702 #1 $aBento,$bTiago Melo$4600$31483142 710 02 $aFundação Doutor Manuel de Sousa d'Oliveira$31462537 801 #0 $aPT$bBN$gRPC 856 41 $uhttp://rnod.bnportugal.gov.pt/ImagesBN/winlibimg.aspx?skey=&doc=1802880&img=6065&save=true 900 ## $aBIBNAC$d20120907 966 ## $lBN$mFGMON$sB.A. 3914 A.$x1
Etiqueta de registo: 00254nam 2200025 450 001 2284582 003 http://id.bnportugal.gov.pt/bib/catbnp/2284582 021 ## $aPT$b555285/25 100 ## $a20260416d2025 m y0pory01030103ba 101 0# $apor 102 ## $aPT 105 ## $aa z 000yy 106 ## $ar 200 1# $aCena Pop 2024$fcoord. Tiago Melo Bento, Tiago de Faria$gtextos Tiago de Faria... [et al.]$gfot. Tiago Melo Bento... [et al.]$gil. Alexandra Baptista, Ivo Baptista 210 #9 $aPonta Delgada$cCorredor Associação Cultural,$d2025 215 ## $a1 v.$cil.$d23 cm 702 #1 $aBento,$bTiago Melo$4340$31483142 702 #1 $aFaria,$bTiago$4340$31344285 702 #1 $aBaptista,$bAlexandra$4440$31924462 702 #0 $aIvo Baptista Aka 47,$cpseud.$4440$31883764 801 #0 $aPT$bBN$gRPC 966 ## $lBN$mFGMON$x1 971 ## $ccsilva$d20260416
|
|
|